INTERNATIONAL ECONOMICS (Record no. 8905)
[ view plain ]
| 000 -LEADER | |
|---|---|
| fixed length control field | 00552nam a22001577a 4500 |
| 003 - CONTROL NUMBER IDENTIFIER | |
| control field | SGT |
| 020 ## - INTERNATIONAL STANDARD BOOK NUMBER | |
| International Standard Book Number | 9789382956372 |
| 082 ## - DEWEY DECIMAL CLASSIFICATION NUMBER | |
| Classification number | 337,RAN |
| 100 ## - MAIN ENTRY--PERSONAL NAME | |
| Personal name | RANA,K.C. |
| 245 ## - TITLE STATEMENT | |
| Title | INTERNATIONAL ECONOMICS |
| 260 ## - PUBLICATION, DISTRIBUTION, ETC. (IMPRINT) | |
| Place of publication, distribution, etc | NEW DELHI |
| Name of publisher, distributor, etc | VPC |
| Year of Publication | 2015-2016 |
| 300 ## - PAGE DESCRIPTION | |
| No. of Pages | 581 |
| 650 ## - SUBJECT ADDED ENTRY--TOPICAL TERM | |
| Topical term or geographic name as entry element | INTERNATIONAL ECONOMICS |
| 653 ## - KEYWORDS--INDEX TERM | |
| Keyword term | INTRODUCTION TO INTERNATIONAL ECONOMICS,THE CLASSICAL COMPARATIVE COSTS THEORY,INTERNATIONAL TRADE EQUILIBRIUM,THE OPPORTUNITY COST THEORY,THE HECKSCHER-OHLIN THEORY,INTRA-INDUSTRY TRADE,POLITICAL ECONOMY OF PROTECTION |
| 942 ## - ADDED ENTRY ELEMENTS (KOHA) | |
| Source of classification or shelving scheme | Dewey Decimal Classification |
| Koha item type | FCM Books |
| Withdrawn status | Lost status | Source of classification or shelving scheme | Damaged status | Not for loan | Collection code | Home library | Current library | Shelving location | Date acquired | Vendor Name | Cost, normal purchase price | SGTU | Bill Number | Total Checkouts | Full call number | Accession No. (Barcode) | Date last seen | Date last borrowed | Bill Date | Koha item type |
|---|---|---|---|---|---|---|---|---|---|---|---|---|---|---|---|---|---|---|---|---|
| Dewey Decimal Classification | COMMERCE MANAGEMENT | SGT Science & Social Sciences Library | SGT Science & Social Sciences Library | Text Book | 02/06/2016 | KIRTI PRAKASHAN | 350.00 | SGTU | 2906 | 16 | 337,RAN | CM852 | 29/11/2018 | 05/11/2018 | 12/09/2015 | FCM Books | ||||
| Dewey Decimal Classification | Not For Loan | COMMERCE MANAGEMENT | SGT Science & Social Sciences Library | SGT Science & Social Sciences Library | Reference Book | 02/06/2016 | KIRTI PRAKASHAN | 350.00 | SGTU | 2906 | 337,RAN | CM853 | 02/06/2016 | 12/09/2015 | FCM Books | |||||
| Dewey Decimal Classification | COMMERCE MANAGEMENT | SGT Science & Social Sciences Library | SGT Science & Social Sciences Library | Text Book | 02/06/2016 | KIRTI PRAKASHAN | 350.00 | SGTU | 2906 | 11 | 337,RAN | CM854 | 01/12/2018 | 15/11/2018 | 12/09/2015 | FCM Books |